000 00422nam a2200145 a 4500
001 000042594
005 20201002040247.0
008 140130s2013 dr 000 f spa d
020 _a9789945882858
040 _aDO-SdBNP
_bspa
_cBNPHU
100 1 _aPayano Tejada, Iván
_969843
245 1 0 _aSobre la gloria de la espada. /
_cIván Payano Tejada.
260 _aSanto Domingo, :
_bP.E.N.,
_c2013.
300 _a141 p. ;
_c21 cm.
999 _c42083
_d42083